Normal view
MARC view
Entry Personal Name
001 - CONTROL NUMBER
- control field: 7360
003 - CONTROL NUMBER IDENTIFIER
- control field: OSt
005 - DATE AND TIME OF LATEST TRANSACTION
- control field: 20160315130112.0
008 - FIXED-LENGTH DATA ELEMENTS
- fixed length control field: 160315|| aca||aabn | a|a d
040 ## - CATALOGING SOURCE
- Original cataloging agency: OSt
- Transcribing agency: OSt
100 ## - HEADING--PERSONAL NAME
- Personal name: edited by Antonio, Luque; Steven, Hegedus
670 ## - SOURCE DATA FOUND
- Source citation: Work cat.: (OSt): edited by Antonio, Luque; Steven, Hegedus, Handbook of Photovoltaic Science and Engineering
